00635nam a2200217Ia 4500003000900000008004100009040001300050040001300063041000800076100001600084245004100100250001200141260000800153260000900161300001100170300001000181490000600191942000700197999001700204952019600221IT-RoPAU120407s9999 xx 000 0 und d aIT-RoPAU cIT-RoPAU aita aHelmut Kuhn aEssenza e vita dell’opera d’arte aTorino  aSei c1970 a154 p. c20 cm v1 cBK c26198d26198 00102ddc406704_17000000000000071aPAULUSbPAULUSd2012-04-11l0o704.17r2012-04-11 00:00:00w2012-04-11yBKzInserito da: LUCIA In data: 07 ottobre 2011 fondo: Via A.Severo 56 Progr:8213